• 首页
  • 本馆介绍
  • 公告通知
  • 最新文献
  • 馆藏检索
  • 电子资源
  • 读者导购
  • 参考咨询
  • 我的图书馆
  • 登录
  • 详细信息显示
  • 放入我的书架
  • 预约/预借图书
  • 作者相关作品
  • 分类相关作品
  • 丛书相关作品
  • 出版社相关作品

书目信息

  • 表格格式
  • 工作单格式
  • 卡片格式
题名:
社会主义市场经济通论
    
 
作者: 魏杰 主编
分册:  
出版信息: 北京   中国人民大学出版社  1993.12
页数: 397页
开本: 20cm
丛书名:
单 册:
中图分类: F045.5
科图分类:
主题词: 社会主义经济∶市场经济--概论 , 市场经济∶社会主义经济--概论
电子资源:
ISBN: 7-300-01805-X
000 00691nam0 2200229 45
001 0194017757
005 20070721151207.35
010    @a7-300-01805-X@dCNY17.00
100    @a19940309d1993 em y0chiy0121 ea
101 0  @achi
102    @aCN@b110000
105    @ay z 000yy
200 10 @a社会主义市场经济通论@ASHE HUI ZHU YI SHI CHANG JING JI TONG LUN@f魏 杰主编@FWEI JIE ZHU BIAN
210    @a北京@c中国人民大学出版社@d1993.12
215    @a397页@d20cm
300    @a经济学系列教材
606    @a社会主义经济∶市场经济@x概论
606    @a市场经济∶社会主义经济@x概论
690    @aF045.5@v4
701  0 @a魏杰@AWEI JIE@4主编
801  0 @aCN@bTSSF@c20070721
905    @a10447@dF045.5@e111
    
    社会主义市场经济通论/魏 杰主编.-北京:中国人民大学出版社,1993.12
    397页;20cm
    经济学系列教材
    
    ISBN 7-300-01805-X:CNY17.00
    
●
相关链接 在E读中查询图书 在五车中查询图书 在当当中查询图书 在豆瓣中查询图书


正题名:社会主义市场经济通论     索取号:F045.5/111         预约/预借

序号 登录号 条形码 馆藏地/架位号 状态 备注
1 0767545   207675452   第一样本阅览室/ [索取号:F045.5/111] 在馆    
唐山师范学院图书馆 欢迎您!
大连网信软件有限公司© 版权所有